| 000 | 01012cam a22003494a 4500 | ||
|---|---|---|---|
| 001 | 50932 | ||
| 005 | 20230410143413.0 | ||
| 008 | 061201s2006 ve 000 0 spa c | ||
| 010 | _a 2007418201 | ||
| 035 | _a(OCoLC)ocm81318065 | ||
| 040 |
_aEYM _cEYM _dNDD _dIQU _dDLC |
||
| 020 | _a9806933052 | ||
| 020 | _a9789806933057 | ||
| 035 | _a(OCoLC)81318065 | ||
| 042 | _apcc | ||
| 043 | _as-ve--- | ||
| 050 | 1 | 4 |
_aF2329.22.B67 _bG538b 2006 |
| 049 | _aGRAL | ||
| 100 | 1 |
_aGiusti, Roberto, _d1954- |
|
| 245 | 1 | 0 |
_aBorges arrecho : _barremete contra todo / _cRoberto Giusti. |
| 246 | 3 | 0 | _aArremete contra todo |
| 260 |
_aCaracas : _bLibros Marcados, _c2006. |
||
| 300 |
_a174 p. : _bill. ; _c23 cm. |
||
| 440 | 0 | _aRealidad no contada | |
| 600 | 1 | 0 |
_aBorges Junyent, Julio _vInterviews. |
| 650 | 0 |
_aPoliticians _zVenezuela _vInterviews. |
|
| 651 | 0 |
_aVenezuela _xPolitics and government _y1999- |
|
| 700 | 1 | _aBorges Junyent, Julio. | |
| 942 |
_2lcc _cbk |
||
| 994 |
_aC0 _bDRFGD |
||
| 946 | _acsexposito | ||
| 999 |
_c101040 _d101040 |
||